<?xml version="1.0" encoding="UTF-8"?>
<record
    xmlns:xsi="http://www.w3.org/2001/XMLSchema-instance"
    xsi:schemaLocation="http://www.loc.gov/MARC21/slim http://www.loc.gov/standards/marcxml/schema/MARC21slim.xsd"
    xmlns="http://www.loc.gov/MARC21/slim">

  <leader>02391nam a22002057a 4500</leader>
  <controlfield tag="003">OSt</controlfield>
  <controlfield tag="005">20260401101029.0</controlfield>
  <controlfield tag="008">260401b        |||||||| |||| 00| 0 SPA d</controlfield>
  <datafield tag="082" ind1=" " ind2=" ">
    <subfield code="2">978-9942-615-08-4.</subfield>
  </datafield>
  <datafield tag="100" ind1=" " ind2=" ">
    <subfield code="a">Gina Alexandra Pilco Guadalupe.</subfield>
  </datafield>
  <datafield tag="245" ind1=" " ind2=" ">
    <subfield code="a">Apuntes sobre las creencias irracionales y la violencia contra la mujer</subfield>
  </datafield>
  <datafield tag="250" ind1=" " ind2=" ">
    <subfield code="a">1mer EDICION</subfield>
  </datafield>
  <datafield tag="260" ind1=" " ind2=" ">
    <subfield code="a">(Universidad Nacional de Chimborazo), Ecuador</subfield>
    <subfield code="b"> Editorial UNACH </subfield>
    <subfield code="c"> 2022 </subfield>
  </datafield>
  <datafield tag="300" ind1=" " ind2=" ">
    <subfield code="a">113 p&#xE1;ginas</subfield>
    <subfield code="c">14.8 x 21 cm</subfield>
    <subfield code="f"> volumen f&#xED;sico</subfield>
  </datafield>
  <datafield tag="490" ind1=" " ind2=" ">
    <subfield code="3">R&#xFA;stica (tapa blanda) con solapas</subfield>
  </datafield>
  <datafield tag="520" ind1=" " ind2=" ">
    <subfield code="a">Teniendo en cuenta que las ideas irracionales tienden a influir en la toma de decisiones de los individuos e inciden en el comportamiento de quienes est&#xE1;n alrededor, se ha tomado como elemento de estudio importante c&#xF3;mo se ve reflejado este tipo de ideas en la violencia ejercida contra las mujeres en el entorno familiar y las consecuencias que de ello se deriva.

Para este caso es necesario aclarar que la base de estas creencias est&#xE1; en la incapacidad de la persona para identificar y modificar este pensamiento. Sobre este tema, Krug et al. (2003) se&#xF1;al&#xF3; que el basamento m&#xE1;s s&#xF3;lido sobre el que se trabajan estas creencias es el de las 10 creencias irracionales identificadas como base de las creencias irracionales y a partir de una alteraci&#xF3;n emocional.

Para este estudio fue utilizada la clasificaci&#xF3;n del C&#xF3;digo Org&#xE1;nico Integral Penal (COIP) reformado en el a&#xF1;o 2014 en Ecuador, con garant&#xED;a en la Constituci&#xF3;n ecuatoriana, que determina la violencia como f&#xED;sica, psicol&#xF3;gica y sexual. Consta de 28 &#xED;tems donde se identifica que la idea irracional predominante se refiere a que la necesidad de algo y/o alguien m&#xE1;s grande o fuerte en quien se pueda confiar y apoyarse, adem&#xE1;s de la relaci&#xF3;n que existe con la violencia dom&#xE9;stica.

Durante el desarrollo de este libro se encontrar&#xE1;n referencias cient&#xED;ficas que acercar&#xE1;n al lector a la situaci&#xF3;n m&#xE1;s actualizada hasta el momento de la relaci&#xF3;n, violencia y creencias irracionales y la forma en que estas se manifiestan y afectan tanto las relaciones personales como las familiares.</subfield>
  </datafield>
  <datafield tag="650" ind1=" " ind2=" ">
    <subfield code="a">Violencia contra la mujer. Creencias irracionales. Psicolog&#xED;a aplicada</subfield>
    <subfield code="x">Aspectos psicol&#xF3;gicos. Investigaci&#xF3;n. Prevenci&#xF3;n y control</subfield>
    <subfield code="y">Siglo XXI</subfield>
    <subfield code="z">Ecuador</subfield>
  </datafield>
  <datafield tag="700" ind1=" " ind2=" ">
    <subfield code="a">Gina Alexandra Pilco Guadalupe.</subfield>
  </datafield>
  <datafield tag="942" ind1=" " ind2=" ">
    <subfield code="2">ddc</subfield>
    <subfield code="c">BKA</subfield>
    <subfield code="n">0</subfield>
  </datafield>
  <datafield tag="952" ind1=" " ind2=" ">
    <subfield code="0">0</subfield>
    <subfield code="1">0</subfield>
    <subfield code="2">ddc</subfield>
    <subfield code="4">0</subfield>
    <subfield code="7">0</subfield>
    <subfield code="8">F02</subfield>
    <subfield code="a">ISUS</subfield>
    <subfield code="b">ISUS</subfield>
    <subfield code="c">Biblioteca Abierta</subfield>
    <subfield code="d">2026-04-01</subfield>
    <subfield code="e">LECTURA</subfield>
    <subfield code="f">0460</subfield>
    <subfield code="i">0460</subfield>
    <subfield code="l">0</subfield>
    <subfield code="o">0460</subfield>
    <subfield code="p">BIBLIO0460</subfield>
    <subfield code="r">2026-04-01 10:11:43</subfield>
    <subfield code="t">1</subfield>
    <subfield code="w">2026-04-01</subfield>
    <subfield code="y">BKA</subfield>
  </datafield>
  <datafield tag="999" ind1=" " ind2=" ">
    <subfield code="c">2036</subfield>
    <subfield code="d">2036</subfield>
  </datafield>
</record>
